| Tag |
First Indicator |
Second Indicator |
Subfields |
| LEADER |
00000cam a2200000 i 4500 |
| 001 |
in00004413921 |
| 005 |
20210422112758.0 |
| 008 |
200629t20212021enkab b 001 0 eng |
| 010 |
|
|
|a 2020027380
|
| 020 |
|
|
|a 9780367138202
|q hardcover
|
| 020 |
|
|
|a 0367138204
|q hardcover
|
| 020 |
|
|
|z 9780367138219
|q electronic book
|
| 035 |
|
|
|a (OCoLC)on1176319959
|
| 040 |
|
|
|a DLC
|e rda
|c DLC
|d UtOrBLW
|
| 043 |
|
|
|a e-fi---
|a e-no---
|a e-sw---
|a e-gx---
|
| 049 |
|
|
|a TXAM
|
| 050 |
0 |
0 |
|a D810.A67
|b S45 2021
|
| 082 |
0 |
0 |
|a 940.53/48977
|2 23
|
| 100 |
1 |
|
|a Seitsonen, Oula,
|e author.
|0 http://id.loc.gov/authorities/names/n2020035376
|
| 245 |
1 |
0 |
|a Archaeologies of Hitler's Arctic war :
|b heritage of the Second World War German military presence in Finnish Lapland /
|c Oula Seitsonen.
|
| 264 |
|
1 |
|a London ;
|a New York :
|b Routledge,
|c [2021]
|
| 264 |
|
4 |
|c ©2021
|
| 300 |
|
|
|a xxxvii, 272 pages :
|b illustrations, maps ;
|c 25 cm.
|
| 336 |
|
|
|a text
|b txt
|2 rdacontent
|
| 337 |
|
|
|a unmediated
|b n
|2 rdamedia
|
| 338 |
|
|
|a volume
|b nc
|2 rdacarrier
|
| 490 |
1 |
|
|a Material culture and modern conflict
|
| 504 |
|
|
|a Includes bibliographical references and index.
|
| 520 |
|
|
|a This book discusses the archaeology and heritage of the German military presence in Finnish Lapland during the Second World War, framing this northern, overlooked World War II material legacy from the nearly forgotten Arctic front as 'dark heritage,' a concrete reminder of Finns siding with the Nazis, and as polluting 'war junk' that ruins the 'pristine natural beauty' of Lapland's wilderness. The scholarship herein provides fresh perspectives to contemporary discussions on heritage perception and ownership, indigenous rights, community empowerment, relational ontologies and the ongoing worldwide refugee crisis.
|
| 610 |
1 |
0 |
|a Germany.
|b Heer
|x History
|y World War, 1939-1945.
|
| 650 |
|
0 |
|a World War, 1939-1945
|z Lapland
|x Antiquities.
|
| 650 |
|
0 |
|a Military archaeology
|z Lapland.
|
| 651 |
|
0 |
|a Lapland
|x Antiquities.
|
| 650 |
|
0 |
|a World War, 1939-1945
|x Social aspects
|z Lapland.
|
| 650 |
|
0 |
|a Cultural property
|z Lapland.
|
| 650 |
|
0 |
|a Collective memory
|z Lapland.
|
| 830 |
|
0 |
|a Material culture and modern conflict.
|0 http://id.loc.gov/authorities/names/no2016122040
|
| 945 |
|
|
|b 746498
|
| 947 |
|
|
|a A14850718652
|
| 948 |
|
|
|a cataloged
|b h
|c 2021/2/26
|d c
|e dmitchel
|f 8:20:10 am
|
| 994 |
|
|
|a 92
|b TXA
|
| 999 |
f |
f |
|s ffd97875-8b9c-36fe-9932-1b3d0b066ff7
|i 4a7ed69e-3dd3-309c-935a-3a498ae990ab
|t 0
|
| 952 |
f |
f |
|p normal
|a Texas A&M University
|b College Station
|c Sterling C. Evans Library
|d Evans: Library Stacks
|t 0
|e D810.A67 S45 2021
|h Library of Congress classification
|i unmediated -- volume
|m A14850718652
|
| 998 |
f |
f |
|a D810.A67 S45 2021
|t 0
|l Evans: Library Stacks
|